Implementing the Energy Efficiency Directive provision on easy access to 24 months of daily/weekly/monthly/annual consumption data for consumers with smart meters (Record no. 114781)

MARC details
000 -LEADER
fixed length control field 01081cad a22001935a 4500
001 - CONTROL NUMBER
control field L157462
008 - FIXED-LENGTH DATA ELEMENTS--GENERAL INFORMATION
fixed length control field 121213s2012 xxk f 000 0 eng d
035 ## - SYSTEM CONTROL NUMBER
System control number (Sirsi) u157462
041 0# - LANGUAGE CODE
Language code of text/sound track or separate title eng
110 2# - MAIN ENTRY--CORPORATE NAME
Corporate name or jurisdiction name as entry element United Kingdom
Subordinate unit Department for Communities and Local Government
9 (RLIN) 4939
245 00 - TITLE STATEMENT
Title Implementing the Energy Efficiency Directive provision on easy access to 24 months of daily/weekly/monthly/annual consumption data for consumers with smart meters
Remainder of title Consultation document
Medium [electronic resource]
260 ## - PUBLICATION, DISTRIBUTION, ETC.
Place of publication, distribution, etc. London
Name of publisher, distributor, etc. DECC
Date of publication, distribution, etc. 2012
520 ## - SUMMARY, ETC.
Summary, etc. Consultation focuses on the implementation of a provision in the new Energy Efficiency Directive, which relates to the roll-out of smart meters. It requires that domestic consumers should be provided with easy access to at least 24 months of consumption data when they have a smart meter.
590 ## - LOCAL NOTE (RLIN)
Local note KA
651 #4 - SUBJECT ADDED ENTRY--GEOGRAPHIC NAME
Geographic name United Kingdom
690 ## - LOCAL SUBJECT ADDED ENTRY--TOPICAL TERM (OCLC, RLIN)
Topical term or geographic name as entry element Energy
9 (RLIN) 6237
856 40 - ELECTRONIC LOCATION AND ACCESS
Uniform Resource Identifier <a href="https://www.decc.gov.uk/en/content/cms/consultations/sm_en_eff_dir/sm_en_eff_dir.aspx">https://www.decc.gov.uk/en/content/cms/consultations/sm_en_eff_dir/sm_en_eff_dir.aspx</a>
Public note View the item free of charge at www.decc.gov.uk
942 ## - ADDED ENTRY ELEMENTS (KOHA)
Suppress in OPAC 0
Holdings
Withdrawn status Lost status Source of classification or shelving scheme Damaged status Not for loan Home library Current library Shelving location Date acquired Total Checkouts Full call number Barcode Date last seen Copy number Price effective from Koha item type
    Dewey Decimal Classification     Virtual Virtual Online 13/12/2012   ONLINE PUBLICATION 157462-2001 06/08/2019 1 06/08/2019 Book